000 00306nam a22001337a 4500
008 181015b xxu||||| |||| 00| 0 eng d
020 _a0937858730
041 _aeng
080 _a370
100 _a49
101 _aEDU
245 _aYour Child At Play To Five Years
_cSegal.m
942 _2udc
_cBK
999 _c49658
_d49658